Acoustic waveguides: applications to oceanic science.
Gespeichert in:
| 1. Verfasser: | |
|---|---|
| Format: | Buch |
| Sprache: | Englisch |
| Veröffentlicht: |
New York, USA
John Wiley
1984
|
| Schlagworte: | |
| Tags: |
Tag hinzufügen
Keine Tags, Fügen Sie den ersten Tag hinzu!
|
MARC
| LEADER | 00000nam a2200000 a 4500 | ||
|---|---|---|---|
| 001 | UCU9338 | ||
| 003 | CL-VaPUC | ||
| 005 | 20250115112932.0 | ||
| 008 | 960814e19840000US |||||||||||||||||eng|d | ||
| 999 | |c 251099 |d 251097 | ||
| 040 | |c Pontificia Universidad Católica de Valparaíso | ||
| 082 | 0 | 4 | |a 534.23 BOY 1984 |2 21 |
| 100 | 0 | |a Boyles, Charles Allan |9 368376 | |
| 245 | 1 | 0 | |a Acoustic waveguides: applications to oceanic science. |
| 260 | 0 | 3 | |a New York, USA |b John Wiley |c 1984 |
| 300 | |a 321 páginas | ||
| 583 | |a last modification |c 19960814 00:00:00 |k Rodrigo Vera | ||
| 650 | 0 | |a Acústica |9 265389 | |
| 650 | 7 | |a SONIDOS SUBMARINOS |2 CL-VaPUC |9 360613 | |
| 650 | 0 | |a Ondas sonoras |9 322250 | |
| 650 | 0 | |a Propagación de ondas |9 263256 | |
| 942 | |c BK |2 ddc | ||
| 945 | |d 19960814 00:00:00 |a paguirre | ||